[Event "Pan American-ch Amateur U2000"]
[Site "San Jose"]
[Date "2019.10.23"]
[Round "2.16"]
[White "Salazar Zumbado, Stanley"]
[Black "Ugarte, Reynaldo"]
[Result "0-1"]
[WhiteElo "1761"]
[BlackElo "1906"]
[PlyCount "90"]
[EventDate "2019.10.23"]
[EventType "swiss"]
[EventRounds "9"]
[EventCountry "CRI"]
[SourceTitle "EXT 2024"]
[Source "ChessBase"]
[SourceDate "2023.10.10"]
[SourceVersion "1"]
[SourceVersionDate "2023.10.10"]
[SourceQuality "1"]

1. d4 d5 2. c4 c6 3. Nf3 Nf6 4. e3 e6 5. Nc3 Nbd7 6. b3 Bb4 7. Bd2 Qe7 8. Qc2 e5 9. cxd5 Bxc3 10. Bxc3 Nxd5 11. Nxe5 Nxe5 12. dxe5 Nxc3 13. Qxc3 Bf5 14. Be2 Rd8 15. 0-0 0-0 16. Rad1 h6 17. f4 Qa3 18. e4 Bxe4 19. Qe3 Rxd1 20. Bxd1 Bd5 21. f5 Qxa2 22. Qg3 Qd2 23. h4 Kh8 24. Kh2 Rg8 25. Bh5 a5 26. Rd1 Qc2 27. Rd3 Be4 28. Rc3 Qd2 29. Bxf7 Rd8 30. f6 g5 31. hxg5 Bxg2 32. Kg1 Be4 33. Re3 Qc1+ 34. Re1 Rd1 35. Rxd1 Qxd1+ 36. Kf2 Qd2+ 37. Kg1 Qxg5 38. Qxg5 hxg5 39. e6 Bd5 40. Kf2 Bxb3 41. Ke3 a4 42. Kd4 a3 43. Kc3 Bd5 44. Be8 Bxe6 45. f7 Kg7 0-1